000
00322nam a2200121Ia 4500
005
20251222144631.0
008
251222s9999||||xx |||||||||||||| ||spa||
082
_a
331.889.85/Y49
100
_a
Isabel Yépez del Castillo
245
0
_a
La Sindicalización en el Perú
264
_b
Fundación Friedrich Ebert
942
_c
LIB
999
_c
16285
_d
16285